[Event "SLO-chT2 East"]
[Site "Slovenia"]
[Date "2013.12.09"]
[Round "9"]
[White "Murko, David"]
[Black "Urek, Branko"]
[Result "1-0"]
[WhiteElo "1824"]
[BlackElo "1719"]
[PlyCount "53"]
[EventDate "2013.09.07"]
[EventType "team-tourn"]
[EventRounds "9"]
[EventCountry "SLO"]
[SourceTitle "EXT 2015"]
[Source "ChessBase"]
[SourceDate "2014.11.20"]
[SourceVersion "1"]
[SourceVersionDate "2014.11.20"]
[SourceQuality "1"]

1. e4 e5 2. Nf3 Nc6 3. Bc4 d6 4. 0-0 Bg4 5. Nc3 Nd4 6. Nxe5 dxe5 7. Qxg4 Nf6 8. Qd1 Be7 9. d3 c6 10. a4 Qd7 11. f4 Bd6 12. Ne2 Nxe2+ 13. Qxe2 Bc5+ 14. Be3 Bxe3+ 15. Qxe3 Qd4 16. Qxd4 exd4 17. h3 Ke7 18. Rae1 Rab8 19. e5 Ne8 20. Re4 c5 21. c3 Rd8 22. f5 Nc7 23. f6+ gxf6 24. exf6+ Kf8 25. Re7 Nd5 26. Rxb7 h6 27. Bxd5 1-0